| Tag |
First Indicator |
Second Indicator |
Subfields |
| LEADER |
00000cam a2200000 i 4500 |
| 001 |
in00004818421 |
| 008 |
710622s1968 enkacf b 001 0 eng |
| 005 |
20240808225849.4 |
| 010 |
|
|
|a 68139491
|
| 035 |
|
|
|a (OCoLC)ocm00467780
|
| 040 |
|
|
|a DLC
|b eng
|e rda
|c DLC
|d UKM
|d NLGGC
|d OCLCG
|d AU@
|d UKMGB
|d OCLCO
|d OCLCF
|d OCLCQ
|d OCLCO
|d UKUOY
|d OCLCQ
|d LUN
|d ZD0
|d OCLCO
|d OCLCA
|d OCLCL
|d IMF
|d OCLCO
|d OCLCL
|d OCLCQ
|
| 015 |
|
|
|a GB6819297
|2 bnb
|
| 015 |
|
|
|a B6819297
|
| 016 |
7 |
|
|a 000972542
|2 Uk
|
| 016 |
7 |
|
|a 010315510
|2 Uk
|
| 019 |
|
|
|a 977333457
|a 1145241829
|a 1153210499
|a 1154284818
|a 1166490071
|a 1167273480
|a 1224891171
|a 1231492565
|a 1271016390
|a 1298263598
|
| 024 |
8 |
|
|a SBRT1589713
|
| 029 |
1 |
|
|a AU@
|b 000000028294
|
| 029 |
1 |
|
|a NLGGC
|b 86350230X
|
| 029 |
1 |
|
|a UKBRU
|b 0066336
|
| 029 |
1 |
|
|a UKMDD
|b B006819297
|
| 029 |
1 |
|
|a UKMGB
|b 010315510
|
| 029 |
1 |
|
|a UKMGB
|b 000972542
|
| 035 |
|
|
|a (OCoLC)00467780
|z (OCoLC)977333457
|z (OCoLC)1145241829
|z (OCoLC)1153210499
|z (OCoLC)1154284818
|z (OCoLC)1166490071
|z (OCoLC)1167273480
|z (OCoLC)1224891171
|z (OCoLC)1231492565
|z (OCoLC)1271016390
|z (OCoLC)1298263598
|
| 043 |
|
|
|a e-uk---
|
| 050 |
0 |
0 |
|a VM57
|b .D6
|
| 082 |
0 |
0 |
|a 623.809427
|2 18
|
| 082 |
0 |
4 |
|a 338.4/7/623809428
|
| 084 |
|
|
|a 55.40
|2 bcl
|
| 049 |
|
|
|a MAIN
|
| 100 |
1 |
|
|a Dougan, David,
|d 1936-2022.
|1 https://id.oclc.org/worldcat/entity/E39PCjMcVMyKTpyw379jmdpByd,
|e author
|
| 245 |
1 |
4 |
|a The history of North East shipbuilding /
|c by David Dougan.
|
| 264 |
|
1 |
|a London :
|b Allen and Unwin,
|c 1968.
|
| 300 |
|
|
|a 258 pages :
|b 8 plates, illustrations, portraits ;
|c 23 cm
|
| 336 |
|
|
|a text
|b txt
|2 rdacontent
|
| 337 |
|
|
|a unmediated
|b n
|2 rdamedia
|
| 338 |
|
|
|a volume
|b nc
|2 rdacarrier
|
| 504 |
|
|
|a Includes bibliographical references (pages 219-220) and index..
|
| 520 |
|
|
|a Paper presented at the IMAS conference, 1973.
|
| 590 |
|
|
|b TAG Physical Holdings 2
|
| 650 |
|
0 |
|a Shipbuilding
|z England, North East
|x History.
|
| 650 |
|
0 |
|a Shipbuilding
|z Great Britain
|x History.
|
| 650 |
|
0 |
|a Shipbuilding industry
|z England, North East
|x History.
|
| 650 |
|
6 |
|a Construction navale
|z Grande-Bretagne
|x Histoire.
|
| 650 |
|
6 |
|a Construction navale
|z Angleterre (Nord-Est)
|x Histoire.
|
| 650 |
|
7 |
|a Shipbuilding
|2 fast
|
| 651 |
|
7 |
|a Great Britain
|2 fast
|1 https://id.oclc.org/worldcat/entity/E39PBJdmp7p3cx8hpmJ8HvmTpP
|
| 655 |
|
7 |
|a History
|2 fast
|
| 758 |
|
|
|i has work:
|a The history of North East shipbuilding (Text)
|1 https://id.oclc.org/worldcat/entity/E39PCH3dR7TfwPH33HxtJxFPHC
|4 https://id.oclc.org/worldcat/ontology/hasWork
|
| 776 |
0 |
8 |
|i Online version:
|a Dougan, David, 1936-
|t History of North East shipbuilding.
|d London, Allen & Unwin, 1968
|w (OCoLC)602212865
|
| 994 |
|
|
|a 92
|b TAG
|
| 852 |
|
|
|a TAG
|b TAGC
|c galv,stk
|h VM57 .D6
|t c.1
|
| 876 |
|
|
|p 33620000453031
|v unmediated -- volume
|
| 999 |
f |
f |
|s 731e8f1f-c53b-499d-8076-db96e593f960
|i d4e7924e-4069-4ed5-a205-c8f9e8f69242
|t 0
|
| 952 |
f |
f |
|p normal
|a Texas A&M University
|b Galveston Campus
|c Jack K. Williams Library
|d Galveston Stacks
|t 0
|e VM57 .D6
|h Library of Congress classification
|i unmediated -- volume
|m 33620000453031
|
| 998 |
f |
f |
|a VM57 .D6
|t 0
|l Galveston Stacks
|